| 000 | 00698nam a2200217 a 4500 | ||
|---|---|---|---|
| 999 |
_c5161 _d5161 |
||
| 001 | 5161 | ||
| 003 | BD-JhCC | ||
| 005 | 20171214170216.0 | ||
| 008 | 171209s1980 bg |||| ||a| 000 0 ben d | ||
| 035 | _a(BD-JhCC)5161 | ||
| 040 |
_aBD-JhCC _dBD-JhCC |
||
| 041 | _aben | ||
| 082 |
_a301.243 _bBUR 1980 |
||
| 100 | _aবুরস্টিন, ড্যানিয়েল জে | ||
| 245 |
_aপ্রযুক্তি জগৎ / _cড্যানিয়েল জে বুরস্টিন |
||
| 260 |
_aঢাকা : _bজাতীয় মুদ্রন, _c১৯৮০. |
||
| 300 |
_a108 p, : _c21 cm. |
||
| 650 |
_aTechnology _xSocial aspects |
||
| 942 |
_2ddc _cBK |
||